Music Quiz

Random Music or Famous Quiz

When They Were Young (Musicians) II Quiz Stats

Quiz Updated Jun 1, 2016

Challenge
Share
Tweet
Score 0/20 Timer 08:00
2 Plays Today
% Correct
Mick Jagger
78.1%
Mariah Carey
59.1%
Adele
57.8%
Janet Jackson
55.3%
Kelly Clarkson
45.8%
Ludacris
43.5%
Selena Gomez
41.3%
Christina Aguilera
40.1%
Ringo Starr
39.5%
Dave Grohl
38.8%
% Correct
Ricky Martin
33.9%
Lil Wayne
32.1%
Alicia Keys
31.1%
Frank Zappa
29.1%
Lionel Richie
18.1%
Marvin Gaye
15.6%
Carrie Underwood
14.2%
Tina Turner
14.1%
Elton John
13.8%
Avril Lavigne
7.1%

You're not logged in!

Compare scores with friends on all Sporcle quizzes.
Join for Free
OR
Log In

You Might Also Like...

Show Comments

Extras

Top Quizzes Today


Score Distribution

Your Account Isn't Verified!

In order to create a playlist on Sporcle, you need to verify the email address you used during registration. Go to your Sporcle Settings to finish the process.

Report this User

Report this user for behavior that violates our Community Guidelines.

Details: